Environmentálne označovanie produktov

Vývoj, systémy a schémy environmentálneho označovania. Typy normalizované v rámci noriem radu ISO 14020. Typ I. a typ II. označovania. Systém environmentálneho označovania a hodnotenia v SR.

Salvato in:
Dettagli Bibliografici
Autore principale: Dugas, Jaroslav, 1967-
Altri autori: Bosák, Martin, 1967-, Ferencz, Vojtech, Szabó, Gabriel
Natura: Capitolo di libro
Lingua:slovacco
Soggetti:
Tags: Aggiungi Tag
Nessun Tag, puoi essere il primo ad aggiungerne!!

MARC

LEADER 00000nla a2200000 4500
001 0273104
005 20240502074314.3
041 0 |a slo 
044 |a SK 
245 1 0 |a Environmentálne označovanie produktov  |c Jaroslav Dugas, Martin Bosák, Vojtech Ferencz, Gabriel Szabó 
520 |a Vývoj, systémy a schémy environmentálneho označovania. Typy normalizované v rámci noriem radu ISO 14020. Typ I. a typ II. označovania. Systém environmentálneho označovania a hodnotenia v SR. 
610 2 0 |a značky environmentálne 
610 2 0 |a produkty 
610 2 0 |a výhody konkurenčné 
610 2 0 |a prostredie životné 
610 2 0 |a ochrana prostredia životného 
100 1 |a Dugas, Jaroslav, 1967- 
700 1 |a Bosák, Martin, 1967- 
700 1 |a Ferencz, Vojtech 
700 1 |a Szabó, Gabriel